000
00308 a2200157 4500
001
181739
020
_a
040
_c
Magnum
100
_a
Lima, Edy
240
1
0
_a
Magitronica
_l
por
245
1
0
_a
Magitronica
362
0
_a
1899
440
1
_a
Melhoramentos
697
_a
MAGNITO: IJ/GERAL
942
_c
BK
999
_c
181739
_d
181739